<Las> Figuras literarias z poéticas en el lenguaje juvenil en México, Veracruz

Salvato in:
Dettagli Bibliografici
Autore principale: Spišiaková, Mária, 1973-
Natura: Capitolo di libro
Lingua:spagnolo
Tags: Aggiungi Tag
Nessun Tag, puoi essere il primo ad aggiungerne!!

MARC

LEADER 00000naa$a2200000$$$4500
001 0223581
005 20240502073647.0
041 0 |a spa 
044 |a SK 
245 1 0 |a <Las> Figuras literarias z poéticas en el lenguaje juvenil en México, Veracruz  |c Mária Spišiaková 
100 1 |a Spišiaková, Mária, 1973-